书目信息 |
| 题名: |
“躺平”进北大
|
|
| 作者: | 王晓宁 著 | |
| 分册: | ||
| 出版信息: | 北京 电子工业出版社 2024.11 |
|
| 页数: | 26,197页 | |
| 开本: | 21cm | |
| 丛书名: | ||
| 单 册: | ||
| 中图分类: | G78 | |
| 科图分类: | ||
| 主题词: | 家庭教育 | |
| 电子资源: | ||
| ISBN: | 978-7-121-49069-9 | |
| 000 | 00888nam0 2200229 450 | |
| 001 | 012986227 | |
| 005 | 20251022192228.40 | |
| 010 | @a978-7-121-49069-9@dCNY48.00 | |
| 100 | @a20241216d2024 em y0chiy0120 ea | |
| 101 | 0 | @achi |
| 102 | @aCN@b110000 | |
| 105 | @ay z 000yy | |
| 106 | @ar | |
| 200 | 1 | @a“躺平”进北大@9“ tang ping ” jin bei da@e“不卷”上岸全记录@f王晓宁著 |
| 210 | @a北京@c电子工业出版社@d2024.11 | |
| 215 | @a26,197页@d21cm | |
| 330 | @a本书分“孩子在婴儿阶段(0~3岁)”“孩子在幼儿阶段(3~6岁)”“孩子在小学阶段(6~12岁)”“孩子在初中阶段(12~15岁)”“孩子在高中阶段(15~18岁)”五个部分,内容包括:善于学习,消除新手妈妈的恐惧;很多第一次;信任和自主;学习习惯和自主性的建立;在教育旅行中成长;择校等。 | |
| 606 | 0 | @a家庭教育 |
| 690 | @aG78@v5 | |
| 701 | 0 | @a王晓宁@9wang xiao ning@4著 |
| 801 | 0 | @aCN@c20250910 |
| 905 | @a河南城建学院图书馆@dG78@eW384@ZW384@f1 | |
| “躺平”进北大:“不卷”上岸全记录/王晓宁著.-北京:电子工业出版社,2024.11 |
| 26,197页;21cm |
| ISBN 978-7-121-49069-9:CNY48.00 |
| 本书分“孩子在婴儿阶段(0~3岁)”“孩子在幼儿阶段(3~6岁)”“孩子在小学阶段(6~12岁)”“孩子在初中阶段(12~15岁)”“孩子在高中阶段(15~18岁)”五个部分,内容包括:善于学习,消除新手妈妈的恐惧;很多第一次;信任和自主;学习习惯和自主性的建立;在教育旅行中成长;择校等。 |
| ● |
| 相关链接 |
|
|
|
正题名:"躺平"进北大
索取号:G78/W384
 
预约/预借
| 序号 | 登录号 | 条形码 | 馆藏地/架位号 | 状态 | 备注 |
| 1 | 1634019 | 216340190 | 社科库409/ [索取号:G78/W384] | 在馆 |